|
|
|
|
| LEADER |
00686cam a2200205 a 4500 |
| 001 |
0000050245 |
| 005 |
20011025090000.0 |
| 040 |
|
|
|a mod
|
| 041 |
|
|
|a eng
|
| 020 |
0 |
0 |
|a 0830413618
|
| 090 |
0 |
0 |
|a 306.097309049
|b POS
|
| 245 |
0 |
0 |
|a Post-cold war policy
|b the social and domestic context
|c edited by William Crotty
|
| 260 |
0 |
0 |
|a Chicago
|b Nelson-Hall Publishers
|c 1995
|
| 300 |
0 |
0 |
|a xiii, 428p.
|b ill.
|c 22cm
|
| 500 |
0 |
0 |
|a Includes bibliographical references and index
|
| 650 |
0 |
0 |
|a World politics
|y 1985-1995
|
| 651 |
0 |
0 |
|a United States
|x Economic policy
|
| 651 |
0 |
0 |
|a United States
|x Social policy
|
| 700 |
1 |
1 |
|a Crotty
|h William J
|
| 999 |
|
|
|a 0181645
|b PUSTAKMAR
|d BOOKS
|e Umum
|f PUSTAKMAR
|j AVAILABLE
|q GOOD CONDITION
|